000
00312nam a22001457a 4500
008
210428b ||||| |||| 00| 0 eng d
020
_a
3412069914
041
_a
eng
080
_a
82
082
_a
82
100
_a
21
101
_a
GJL
245
_a
Reisen Durch die Eigene Fremde
_c
Pelz,A
942
_2
udc
_c
BK
999
_c
56899
_d
56899